00375nam a2200133Ia 4500003000400000008004100004020002300045040000800068100001900076245009800095260002600193300001000219365001200229LDD181029s9999 xx 000 0 und d a275987981cP 25.99 cLDD aKantor, Martin 4aThe Psychopathy of Everyday LifebHow Antisocial Personality Discorder AffectscMartin Kantor aLondonbPraegerc2006 a208p. bP 25.99